1621 1079 1560 1174 1617 1548 1869 1558 1236 1572 1532 1466 1409 1864 1821 1092 1778 1415 1791 1961 1181 1364 1282 1328 1736 1175 1415 1015 1595 1112 1217 1858 1377 1332 1863 1575 1802 1093 1861 1602 1322 1865 1418 1561 1758 1430 1879 1970 1560 1423 1595 1466 1937 1481 1982 1394 1860 1041 1137 1291 1276 1870 1008 1411 1141 1992 1833 1134 1017 1567 1698 1304 1218 1836 1948 1250 1849 1378 1960 1426 1624 1837 1876 1226 1586 1894 1753 1841 1543 1326 1804 1713 1697 1510 1881 1756 1354 1961 1564 BCNSPRNW ULIB Ver.6.0+V

เปลี่ยนเป็นภาษาไทย

Change to English
 แสดงรายละเอียดบรรณานุกรม
  กลับหน้าหลัก

Brief Record : Get Marc (ISO 2709) : E-mail record : QR code < ปิดหน้าต่าง
LEADER : 00000nam 2200000uu 4500
001    13399110242
003     ULIB
008    110426s2543||||th 000 0 tha d
020    9742915555
060 04 WM100^bก111ค 2543
100 0  อินทิรา พัวสกุล
245 10 คู่มือครูสำหรับช่วยเหลือนักเรียนที่มีปัญหาสุขภาพจิต /^cโดยอินทิรา พัวสกุล ... [ และคนอื่นๆ ]
250    พิมพ์ครั้งที่ 3
260    กรุงเทพฯ :^bกรมสุขภาพจิต กระทรวงสาธารณสุข,^c2543
300    103 หน้า
504    บรรณานุกรม: หน้า 86
650  2 Mental health
700 10 กระทรวงสาธารณสุข.^bกรมสุขภาพจิต
945    ^p0^l0^i018166
945    ^p0^l0^i018164
945    ^p0^l0^i018162
945    ^p0^l0^i018165
945    ^p0^l0^i018163
995    ทศพร
999 ^a ใช้งานได้ทุกระบบ
รายการนี้ยังไม่มีแท็ก
คุณยังไม่ได้ล็อกอิน คุณสามารถมีกิจกรรมร่วมกับเว็บไซต์ได้ แต่ต้องล็อกอินก่อน ::
  ล็อกอิน

รายการสื่อสารสนเทศ

ลำดับที่ ประเภท เลขเรียก/บาร์โค้ด สถานที่ สถานะ
- ไม่พบข้อมูล -

รายการใกล้เคียง
    หัวเรื่อง [Mental health]

BibComment


ยังไม่เคยถูกคอมเมนท์

คอมเมนท์ทรัพยากรรายการนี้
  คอมเมนท์: คู่มือครูสำหรับช่..


 Copyright 2026. Bcnsprnw @Library